000 00353nam a2200157Ia 4500
003 OSt
005 20240207144434.0
008 170619s9999 xx 000 0 und d
020 _a8176710482
040 _cIIMT ENGINEERING COLLEGE
100 _aSRINATH
245 0 _aRELIABILITY ENGINEERING
260 _bEWP
546 _aENGLISH
942 _2ddc
_c01
999 _c19420
_d19420